Lingüística Histórica

Guardado en:
書目詳細資料
主要作者: Bynon, Theodora
格式: 圖書
語言:Undetermined
出版: Madrid, España Editorial Gredos 1981
主題:
標簽: 添加標簽
沒有標簽, 成為第一個標記此記錄!

MARC

LEADER 00000nam a2200000Ia 4500
008 170316s9999 xx 000 0 und d
090 |a 410 B-33.1L 
100 |a Bynon, Theodora 
245 |a Lingüística Histórica 
260 |a Madrid, España 
260 |b Editorial Gredos 
260 |c 1981 
300 |a 424 páginas 
650 |a LINGÜÍSTICA 
650 |a EVOLUCIÓN LINGÜÍSTICA 
650 |a LAS LENGUAS INDOEUROPEAS 
650 |a ROCONSTRUCCIÓN FONOLÓGICA 
650 |a RECONSTRUCCIÓN MORFOLÓGICA Y SINTÁCTICA 
650 |a RECONSTRUCCIÓN LÉXICA 
650 |a MODELO ESTRUCTURALISTA 
650 |a MODELO TRANSFORMATIVO GENERATIVO 
650 |a LENGUAS 
999 |c 18253  |d 18253 
040 |a cru BVZT 
942 |c 15 D  |h 410 B-33.1L  |2 z